000 00616cab a2200217 4500
001 WB3239-46
008 090401t1996 xxu||||| |||| 00| 0 eng d
035 _a(Sirsi) u27561
041 _aeng
245 _aSeoul opens market to foreigners
260 _c1996
350 _a0
490 _aFinancial Times
_v15 October 1996, 7(1)
520 _aFor the first time South Korea is to allow foreign companies to bid for construction contracts.
650 _aCONSTRUCTION MARKET
650 _aSEOUL
650 _aREPUBLIC OF KOREA
690 _aOVERSEAS-REST OF THE WORLD
942 _n0
948 _c04/03/1997
999 _c18556
_d18556